Normale Ansicht MARC-Ansicht ISBD

ČSSR : (Titelsatznr. 4565)

[ MARC ]
MARC-Details
000 -Satzkennung
Kontrollfeld mit fester Länge 00422nam a22001571c 4500
001 - Kontrollnummer
Kontrollfeld a987683104
008 - Feld mit fester Länge zur physischen Beschreibung - Allgemeine Angaben
Kontrollfeld mit fester Länge 051003s1973 gw |||| 000u ger d
041 ## - Sprachcode
Sprachcode des Textes/der Tonspur oder des separaten Titels ger
040 ## - Katalogisierungsquelle
Übertragungsstelle RU-10907106
003 - Kontrollnummer Identifier
Kontrollfeld RU-10907106
245 00 - Titel
Titel ČSSR :
Zusatz zum Titel Fünf Jahre "Normalisiserung" : 21.8.1968 / 21.8.1973 : Dokumentation
264 ## - Produktion, Veröffentlichung, Distribution, Herstellung und Urheberrechtsvermerk
Herstellungs-, Veröffentlichungs- Vertriebs-, Erzeugungsort Hamburg,
Datum der Herstellung, der Veröffentlichung, des Vertriebs oder des Urheberschutzvermerks 1973
300 ## - Physische Beschreibung
Umfang 352 S. Br.
700 1# - Nebeneintragung - Personenname
Personenname Crusius, Reinhard
Funktionsbezeichnung HerausgeberIn
942 ## - Zusätzliche Felder (Koha)
Koha-Medientyp Monographien
Exemplare
Ausgeschieden Verloren Klassifikation oder Aufstellungssystematik Beschädigt Nicht entleihbar Heimatbibliothek Aufenthaltsbibliothek Aufstellungsort Erwerbungsdatum Inventarnummer Signatur Barcode Letzte Aktivität Preis gültig von Koha-Medientyp
    Andere/Generische Klassifikation     MWN Osteuropa MWN Osteuropa Lesesaal - 1 03/10/2005 05-01605 W 65 F n Tsche 4 E0040150790F0284 22/02/2021 22/03/2021 Monographien